| 000 | 01816nam a2200277Ia 4500 | ||
|---|---|---|---|
| 008 | 130821s1997 xxua gs mul | ||
| 040 |
_aCo-BoUCM _bspa |
||
| 041 | 0 | 0 | _aspa°aeng |
| 092 | _aDVD 0528 | ||
| 245 | 1 | 0 |
_aL.A. Confidential _c[DVD] _c[dirigida por] Curtis Hanson |
| 260 |
_aWashington D.C. (Estados Unidos) _bRegency Enterprises _c1997 |
||
| 300 |
_a1 DVD (132 min. ) _bson., color |
||
| 500 | _aSINOPSIS :En la sede de la policía de Los Ángeles, durante los años cincuenta, tres agentes se ven envueltos en una intriga criminal que destapa los trapos sucios del Departamento. Para recuperar el prestigio de que gozaba este cuerpo de seguridad, los tres mejores agentes se hacen cargo de la investigación del asesinato. | ||
| 508 | _aDirector, Curtis Hanson; guión: Brian Helgeland, Curtis Hanson (Novela: James Ellroy), Música, Jerry Goldsmith; fotografía, Dante Spinotti. | ||
| 511 | _aKevin Spacey, Kim Basinger, Russell Crowe, Guy Pearce, Danny DeVito, James Cromwell, David Strathairn, Amber Smith, Paul Guilfoyle, Ron Rifkin, Matt McCoy, Jim Metzler, Graham Beckel, Simon Baker Denny, Tomas Arana. | ||
| 546 | _aAudio en Español, Inglés y Alemán. Subtítulos en Inglés, Alemán, Español, Sueco, Noruego, Danés, Finlandés, Portugués, Hebreo, Polaco, Griego, Checo, Turco, Húngaro, Islandés, Croata, Francés, Italiano. | ||
| 650 | 0 | 4 |
_aCorrupción policial _vDVD _912029 |
| 650 | 0 | 4 |
_aEntretenimiento _926487 |
| 650 | 0 | 4 |
_aPelículas cinematográficas _zEstados Unidos _vDVD _97903 |
| 650 | 0 | 4 |
_aPeriodismo _97909 |
| 650 | 0 | 4 |
_aPeriodistas en el cine _vDVD _921369 |
| 700 | 1 |
_aHanson, Curtis _d1945- _edir. |
|
| 710 | 2 | _aRegency Enterprises | |
| 856 | 0 | 4 |
_uhttp://www.youtube.com/watch?v=C4XbnrmbEME _zSiga este vínculo para ver el trailer. |
| 942 |
_cMULTIMEDIA _2LOCAL _a11 _e1 |
||
| 999 |
_c63873 _d63873 |
||